<?xml version="1.0" encoding="UTF-8"?><?xml-stylesheet type="text/xsl" href="static/style.xsl"?><OAI-PMH xmlns="http://www.openarchives.org/OAI/2.0/" xmlns:xsi="http://www.w3.org/2001/XMLSchema-instance" xsi:schemaLocation="http://www.openarchives.org/OAI/2.0/ http://www.openarchives.org/OAI/2.0/OAI-PMH.xsd"><responseDate>2026-06-07T23:48:28Z</responseDate><request verb="GetRecord" identifier="oai:docta.ucm.es:20.500.14352/45624" metadataPrefix="marc">https://docta.ucm.es/rest/oai/request</request><GetRecord><record><header><identifier>oai:docta.ucm.es:20.500.14352/45624</identifier><datestamp>2023-09-07T15:10:23Z</datestamp><setSpec>com_20.500.14352_14</setSpec><setSpec>col_20.500.14352_21</setSpec></header><metadata><record xmlns="http://www.loc.gov/MARC21/slim" xmlns:dcterms="http://purl.org/dc/terms/" xmlns:xsi="http://www.w3.org/2001/XMLSchema-instance" xmlns:doc="http://www.lyncode.com/xoai" xsi:schemaLocation="http://www.loc.gov/MARC21/slim http://www.loc.gov/standards/marcxml/schema/MARC21slim.xsd">
   <leader>00925njm 22002777a 4500</leader>
   <datafield ind2=" " ind1=" " tag="042">
      <subfield code="a">dc</subfield>
   </datafield>
   <datafield ind2=" " ind1=" " tag="720">
      <subfield code="a">Nebreda Manjón, Jenifer</subfield>
      <subfield code="e">author</subfield>
   </datafield>
   <datafield ind2=" " ind1=" " tag="720">
      <subfield code="a">Peláez Sagredo, José Ramón</subfield>
      <subfield code="e">author</subfield>
   </datafield>
   <datafield ind2=" " ind1=" " tag="260">
      <subfield code="c">2010</subfield>
   </datafield>
   <datafield ind2=" " ind1=" " tag="520">
      <subfield code="a">We study the light quark mass dependence of the π π scattering phase shifts in standard one and two-loop SU(2) Chiral Perturbation Theory (ChPT). We then repeat the study with unitarized ChPT and; furthermore, we extend the analysis to SU(3) and generate the elastic f_0(600), к(800) ρ(770) and K*(892) resonances from unitarization. The quark masses are varied up to values of interest for lattice studies. We find that the SU(2) π π phase shifts both in standard and unitarized ChPT depend very softly on the pion mass and that our results are in fair agreement with lattice results in the I=2, J=0 channel. In the SU(3) amplitudes, the mass and width of the ρ (770) and K*(892) present an analogous and smooth quark mass dependence. In contrast, both scalars present a similar non-analyticity at high quark masses. We also confirm the lattice assumption of independence of the vector two-meson coupling on the quark mass, that is, nevertheless, violated for scalars.</subfield>
   </datafield>
   <datafield ind1="8" ind2=" " tag="024">
      <subfield code="a">978-0-7354-0878-4</subfield>
   </datafield>
   <datafield ind1="8" ind2=" " tag="024">
      <subfield code="a">10.1063/1.3542014</subfield>
   </datafield>
   <datafield ind1="8" ind2=" " tag="024">
      <subfield code="a">https://hdl.handle.net/20.500.14352/45624</subfield>
   </datafield>
   <datafield ind1="8" ind2=" " tag="024">
      <subfield code="a">http://dx.doi.org/10.1063/1.3542014</subfield>
   </datafield>
   <datafield ind1="8" ind2=" " tag="024">
      <subfield code="a">http://scitation.aip.org</subfield>
   </datafield>
   <datafield ind2="0" ind1="0" tag="245">
      <subfield code="a">Quark mass dependence of light resonances and phase shifts in elastic π π and π к scattering</subfield>
   </datafield>
</record></metadata></record></GetRecord></OAI-PMH>